000 01219nam a2200301 4500
003 EC-UNACH
005 20251027112757.0
006 s||||gr|||| 00| 00
008 150116t9999 mx r gr 000 0 spa d
020 _a978-9978-67-204-4
040 _aEC-UNACH
_cEC-UNACH
041 _aspa
082 0 4 _223
_a342
_bL017893
110 _aRispergraf
245 _aEcuador - Perú Evaluación de una década de paz y desarrollo
250 _aPrimera edición
264 _aEcuador
_bRispergraf
_c2009
300 _a295
505 _aParte 1- El rol de la diplomacia Parte 2- Impactos y retos futuros de los acuerdos de paz en el desarrollo económico binacional Parte 3- Ecuador - Perú : paz e identidad cultural Parte 4- Integración fronteriza Parte 5- Visión de la seguridad defensa y desarrollo binacional Parte 6- Modelo de negociación de conflictos y aplicaciones Parte 7- percepciones reciprocas.
650 _aAcuerdos de paz
650 _aRetos y futuros acuerdos
650 _aTratado de paz entre Ecuador - Perú
700 _aClaudia Donoso Moreno
942 _2ddc
_c1
999 _c14089